[Event "24th Abu Dhabi Masters"]
[Site "Abu Dhabi UAE"]
[Date "2017.08.15"]
[Round "2.45"]
[White "Suleymanli, Aydin"]
[Black "Mrudul, Dehankar"]
[Result "1-0"]
[WhiteTitle "CM"]
[BlackTitle "WCM"]
[WhiteElo "2328"]
[BlackElo "2155"]
[WhiteFideId "13413937"]
[BlackFideId "25096990"]
[EventDate "2017.08.14"]

1. d4 Nf6 2. c4 e6 3. a3 Be7 4. Nc3 d5 5. Bg5 O-O 6. cxd5 exd5 7. Qc2 c6 8. e3
Nbd7 9. Bd3 Re8 10. Nge2 Nf8 11. O-O a5 12. f3 Nh5 13. Bxe7 Qxe7 14. e4 Be6 15.
e5 c5 16. Qd2 c4 17. Bc2 f5 18. Nb5 g6 19. f4 Ng7 20. Nec3 Red8 21. Kh1 Ne8 22.
b3 cxb3 23. Bxb3 Qf7 24. Rfc1 Nd7 25. Na4 Nb8 26. Qa2 Nc6 27. Rc5 Ra6 28. Rac1
h6 29. Qd2 Kh7 30. Bd1 Qg8 31. Be2 Raa8 32. Nb6 Ra6 33. Na4 Raa8 34. Rb1 Qg7 35.
Nb6 Rab8 36. Bf3 Qf7 37. Qa2 Ne7 38. Nc3 g5 39. Rbb5 g4 40. Bxd5 Nxd5 41. Ncxd5
Nc7 42. Rxc7 Qxc7 43. Nxc7 Bxa2 44. d5 a4 45. e6 Kg7 46. e7 Rg8 47. d6 Kf6 48.
Nd7+ 1-0

[Event "24th Abu Dhabi Masters"]
[Site "Abu Dhabi UAE"]
[Date "2017.08.15"]
[Round "2.46"]
[White "Pujari, Rucha"]
[Black "Sangma, Rahul"]
[Result "1/2-1/2"]
[WhiteTitle "WIM"]
[BlackTitle "IM"]
[WhiteElo "2153"]
[BlackElo "2325"]
[WhiteFideId "5024528"]
[BlackFideId "5013615"]
[EventDate "2017.08.14"]

1. g3 c5 2. Bg2 g6 3. d4 cxd4 4. Qxd4 Nf6 5. c4 Nc6 6. Qd3 Bg7 7. Nf3 d5 8. cxd5
Qxd5 9. Qxd5 Nxd5 10. a3 Bg4 11. O-O Bxf3 12. Bxf3 O-O-O 13. e3 Ne5 14. Be2 Nb6
15. Ra2 Nd3 16. b3 Kb8 17. Bd2 Rd7 18. Bc3 Bxc3 19. Nxc3 Rc8 20. Ne4 Nc5 21.
Nxc5 Rxc5 22. Rd1 Rc3 23. Kg2 Kc7 24. Rb1 e5 25. a4 f5 26. a5 Nd5 27. b4 Nf6 28.
b5 Rd6 29. Rbb2 Nd7 30. Rc2 Rc5 31. h4 h6 32. f4 e4 33. g4 Kd8 34. g5 hxg5 35.
hxg5 Ke7 36. Kf2 Rdd5 37. Bc4 Rd1 38. Be2 Rc1 39. Rd2 Ke6 40. Ra4 R5c2 41. Rxc2
Rxc2 42. Ke1 Rb2 43. Rc4 Kd6 44. Rc8 Nc5 45. Rd8+ Kc7 46. Rg8 Rb1+ 47. Kd2 Nb3+
48. Kc2 Re1 49. Rg7+ Kd6 50. Kxb3 Rxe2 51. Kc4 Rc2+ 52. Kd4 Rd2+ 53. Kc4 Rc2+
54. Kd4 Rd2+ 55. Kc4 1/2-1/2

[Event "24th Abu Dhabi Masters"]
[Site "Abu Dhabi UAE"]
[Date "2017.08.15"]
[Round "2.47"]
[White "Pazos Porta, Antonio"]
[Black "Arshavskij, Viktor"]
[Result "1-0"]
[WhiteTitle "FM"]
[WhiteElo "2325"]
[BlackElo "2141"]
[WhiteFideId "2263190"]
[BlackFideId "4125045"]
[EventDate "2017.08.14"]

1. e4 e5 2. Nf3 Nc6 3. Bb5 f5 4. d3 Nf6 5. O-O d6 6. exf5 Be7 7. d4 e4 8. d5 a6
9. dxc6 axb5 10. cxb7 Bxb7 11. Nd4 O-O 12. Ne6 Qc8 13. Nc3 b4 14. Nb5 Ba6 15.
Nbxc7 Bxf1 16. Nxa8 Rf7 17. Nb6 Qa6 18. Qxf1 Qxb6 19. Ng5 Rf8 20. Nxe4 Nxe4 21.
Qc4+ 1-0

[Event "24th Abu Dhabi Masters"]
[Site "Abu Dhabi UAE"]
[Date "2017.08.15"]
[Round "2.48"]
[White "Hoegener, Claude"]
[Black "Davtyan, Artur"]
[Result "0-1"]
[BlackTitle "FM"]
[WhiteElo "2139"]
[BlackElo "2298"]
[WhiteFideId "4000978"]
[BlackFideId "13308327"]
[EventDate "2017.08.14"]

1. d4 d5 2. Nf3 Nf6 3. c4 e6 4. Nc3 Be7 5. Bg5 h6 6. Bf4 O-O 7. g4 Ne4 8. h4 c5
9. e3 Qa5 10. Qc2 cxd4 11. Nxd4 Bb4 12. Ne2 Nc6 13. f3 Nxc3 14. bxc3 Be7 15. g5
e5 16. Bg3 h5 17. cxd5 Qxd5 18. Bg2 Qc4 19. Qb3 Be6 20. Qxc4 Bxc4 21. f4 Bc5 22.
Bf2 exf4 23. Nxf4 Rfe8 24. e4 Ba3 25. Kd2 Rad8+ 26. Kc2 Bb5 27. Kb3 Bf8 28. Rad1
Na5+ 29. Kb2 Nc4+ 30. Ka1 Bd6 31. Nd5 Be5 32. Bd4 Bxd4 33. Rxd4 Na3 34. Kb2 Nc4+
35. Kb3 Rc8 36. Bh3 Rc5 37. Bf1 Nd6 38. Bxb5 Nxb5 0-1

[Event "24th Abu Dhabi Masters"]
[Site "Abu Dhabi UAE"]
[Date "2017.08.15"]
[Round "2.49"]
[White "Muthaiah, AL"]
[Black "Varshini, V"]
[Result "1-0"]
[BlackTitle "WFM"]
[WhiteElo "2292"]
[BlackElo "2140"]
[WhiteFideId "5092442"]
[BlackFideId "5091241"]
[EventDate "2017.08.14"]

1. c4 e5 2. Nc3 Nc6 3. g3 Nf6 4. Bg2 Bc5 5. e3 O-O 6. Nge2 Re8 7. O-O a6 8. d4
Ba7 9. d5 Ne7 10. d6 cxd6 11. Qxd6 Bb8 12. Qd2 d6 13. b3 Qc7 14. Ba3 Be6 15.
Rac1 Qa5 16. Qb2 Nc6 17. Rfd1 Rd8 18. Nd5 Bxd5 19. Bxd5 Nxd5 20. cxd5 Na7 21.
Rc4 Nb5 22. Bb4 Qb6 23. a4 Nc7 24. Qc3 a5 25. Ba3 Na6 26. Qc2 Ba7 27. Nc3 Rd7
28. Nb5 Rad8 29. Rc1 h6 30. Qf5 Bb8 31. Rc8 Rxc8 32. Rxc8+ Rd8 33. Qd7 Rxc8 34.
Qxc8+ Kh7 35. Qf5+ Kg8 36. Qd7 Bc7 37. Bxd6 Bd8 38. Bxe5 Bf6 39. Bd6 Nb4 40.
Bxb4 axb4 41. Qc8+ Kh7 42. Qc7 Qa6 43. Qxf7 b6 44. Qd7 Qa8 45. e4 Qf8 46. Qf5+
g6 47. Qe6 Bc3 48. d6 Qf3 49. Qe7+ Bg7 50. d7 1-0

[Event "24th Abu Dhabi Masters"]
[Site "Abu Dhabi UAE"]
[Date "2017.08.15"]
[Round "2.50"]
[White "Harshal, Shahi"]
[Black "Ashwath, R."]
[Result "1/2-1/2"]
[WhiteTitle "FM"]
[WhiteElo "2130"]
[BlackElo "2290"]
[WhiteFideId "5048257"]
[BlackFideId "5021049"]
[EventDate "2017.08.14"]

1. e4 c5 2. Nf3 Nc6 3. d4 cxd4 4. Nxd4 g6 5. Nc3 Bg7 6. Be3 Nf6 7. Bc4 O-O 8.
Bb3 d6 9. f3 Bd7 10. Qd2 Nxd4 11. Bxd4 b5 12. O-O a5 13. a3 Rb8 14. Kh1 a4 15.
Ba2 b4 16. axb4 Rxb4 17. Ne2 Rb8 18. Rfd1 Qc7 19. Nc3 Rfc8 20. Rab1 Bc6 21. Qe2
Rb4 22. Qe1 Qb7 23. Ne2 Nd7 24. Bxg7 Kxg7 25. b3 axb3 26. Bxb3 Rb8 27. Nd4 Rb6
28. Qg3 Nf6 29. Ra1 Be8 30. Qg5 Kh8 31. Qh6 Kg8 32. Qg5 Kh8 33. Qh6 Kg8 34. Qg5 1/2-1/2

[Event "24th Abu Dhabi Masters"]
[Site "Abu Dhabi UAE"]
[Date "2017.08.15"]
[Round "2.51"]
[White "Prieto Aranguren, Alain"]
[Black "Llano Olabarrieta, Joseba"]
[Result "1-0"]
[WhiteElo "2286"]
[BlackElo "2135"]
[WhiteFideId "2268906"]
[BlackFideId "32018240"]
[EventDate "2017.08.14"]

1. d4 Nf6 2. Bg5 Ne4 3. Bf4 d5 4. e3 c5 5. Bd3 Nf6 6. c3 Qb6 7. Qc1 Nc6 8. h3 e6
9. Nf3 Be7 10. Nbd2 cxd4 11. exd4 O-O 12. O-O Bd7 13. Re1 Rfc8 14. Ne5 Be8 15.
Ndf3 Qd8 16. a3 Na5 17. Qc2 b5 18. g4 g6 19. Kg2 Nc4 20. h4 Nd7 21. Nxd7 Qxd7
22. g5 Bd6 23. Ne5 Nxe5 24. Bxe5 Bxe5 25. Rxe5 Qe7 26. Rae1 Qf8 27. h5 Qg7 28.
hxg6 hxg6 29. Rh1 a5 30. Qd2 Rab8 31. Qf4 b4 32. axb4 axb4 33. Re3 bxc3 34. bxc3
e5 35. dxe5 Bd7 36. Be2 Rb6 37. Qd4 Rb2 38. Bf3 Rb5 39. Be2 Rbc5 40. Ba6 R8c7
41. Rb1 Qf8 42. Rb6 Be6 43. Qb4 R5c6 44. Rb8 Bc8 45. Qxf8+ Kxf8 46. Bb5 Rc5 47.
e6 fxe6 48. Rxe6 Kg7 49. Rd6 Rxc3 50. Rbb6 Bf5 51. f3 Re7 52. Bc6 d4 53. Rxd4
Rc5 54. Rd5 Rxd5 55. Bxd5 Re5 56. Bb3 Bc8 57. f4 Re3 58. Kf2 Rc3 59. Bd5 Bf5 60.
Rb7+ Kf8 61. Rf7+ Ke8 62. Rf6 Rc7 63. Ke3 Re7+ 64. Kd4 Bc2 65. Kc5 Bd3 66. Bc6+
Kd8 67. Rd6+ 1-0

[Event "24th Abu Dhabi Masters"]
[Site "Abu Dhabi UAE"]
[Date "2017.08.15"]
[Round "2.52"]
[White "Senthil, Maran K"]
[Black "Teh, Eu Wen Aron"]
[Result "1-0"]
[BlackTitle "FM"]
[WhiteElo "2124"]
[BlackElo "2276"]
[WhiteFideId "25035681"]
[BlackFideId "5704723"]
[EventDate "2017.08.14"]

1. d4 Nf6 2. c4 e6 3. g3 d5 4. Bg2 dxc4 5. Nf3 c5 6. O-O Nc6 7. dxc5 Qxd1 8.
Rxd1 Bxc5 9. Nbd2 c3 10. bxc3 O-O 11. Nb3 Be7 12. Bf4 Nd5 13. c4 Nxf4 14. gxf4
Bf6 15. Rab1 Nb4 16. a3 Nc2 17. Rbc1 Nxa3 18. Nbd4 Be7 19. Rd3 a6 20. Rcc3 f6
21. Rxa3 Bxa3 22. Rxa3 Rd8 23. e3 Rb8 24. Rb3 Bd7 25. Rb6 Bc6 26. Bh3 f5 27.
Nxc6 bxc6 28. Rxa6 c5 29. Rc6 Rdc8 30. Rxe6 g6 31. Ne5 Rb2 32. Kg2 Ra8 33. Kg3
Raa2 34. Re8+ Kg7 35. Re7+ Kh6 36. Nf3 1-0

[Event "24th Abu Dhabi Masters"]
[Site "Abu Dhabi UAE"]
[Date "2017.08.15"]
[Round "2.53"]
[White "Rayes, Abdul Kader"]
[Black "Kavinda, Akila"]
[Result "1/2-1/2"]
[WhiteElo "2259"]
[BlackElo "2124"]
[WhiteFideId "7600801"]
[BlackFideId "9901302"]
[EventDate "2017.08.14"]

1. d4 d6 2. Nf3 g6 3. g3 Bg7 4. Bg2 Nd7 5. O-O e5 6. Nc3 Ne7 7. e4 O-O 8. dxe5
Nxe5 9. Nxe5 dxe5 10. b3 Bd7 11. Ba3 Re8 12. Qd2 Bc6 13. Qe2 Qd4 14. Nd5 Bxd5
15. Rad1 Qb6 16. exd5 Nf5 17. Qc4 Nd6 18. Qa4 Qb5 19. Qxb5 Nxb5 20. Bb2 e4 21.
Bxg7 Kxg7 22. c4 Nc3 23. Rd2 e3 24. Rc2 exf2+ 25. Kxf2 Ne4+ 26. Bxe4 Rxe4 27.
Rd1 Kf6 28. Kf3 Re5 29. Rd4 h5 30. h4 Rae8 31. Rcd2 Rf5+ 32. Rf4 Re1 33. d6
Rxf4+ 34. Kxf4 cxd6 35. Rxd6+ Ke7 36. Rd3 Re6 37. b4 Rf6+ 38. Kg5 Re6 39. c5 Re4
40. a3 Re5+ 41. Kh6 Rf5 42. Kg7 a5 43. bxa5 g5 44. Rb3 Rxc5 45. Rxb7+ Ke6 46. a6
gxh4 47. gxh4 Ra5 48. Rxf7 Rxa3 49. a7 Rg3+ 50. Kf8 Ra3 51. Ke8 Ra5 52. Rh7 Kf6
53. Kd8 Kg6 54. Rc7 Ra4 55. Kc8 Kf5 56. Rg7 Kf6 57. Rh7 Kg6 58. Rd7 Kf5 59. Rd5+
Ke4 60. Rd7 Kf5 61. Rg7 Kf6 62. Rb7 Kf5 63. Rg7 Kf6 64. Rh7 Kg6 65. Rd7 Kf5 66.
Kb8 Kg4 67. a8=Q Rxa8+ 68. Kxa8 Kxh4 69. Kb7 Kg3 70. Kc6 h4 71. Kd5 h3 72. Ke4
h2 73. Rh7 Kg2 74. Rg7+ Kf2 75. Rf7+ Kg2 76. Rg7+ Kf2 1/2-1/2

[Event "24th Abu Dhabi Masters"]
[Site "Abu Dhabi UAE"]
[Date "2017.08.15"]
[Round "2.54"]
[White "Bhagwat, Vinod"]
[Black "Eynullayev, Altay"]
[Result "0-1"]
[WhiteTitle "CM"]
[BlackTitle "FM"]
[WhiteElo "2109"]
[BlackElo "2255"]
[WhiteFideId "5005949"]
[BlackFideId "13413562"]
[EventDate "2017.08.14"]

1. d4 Nf6 2. c4 g6 3. Nc3 d5 4. Nf3 Bg7 5. h4 c6 6. Bf4 O-O 7. e3 Qa5 8. Ne5 Ne4
9. Qb3 f6 10. Nf3 e5 11. Bh2 exd4 12. Nxd4 f5 13. Rd1 c5 14. Qb5 Qd8 15. Nxe4
cxd4 16. Nd6 Be6 17. Nxb7 Qxh4 18. cxd5 dxe3 19. Bg3 exf2+ 20. Bxf2 Qe4+ 21. Be2
Bd7 22. Qb3 Ba4 23. Qh3 h5 24. O-O Qxe2 25. b3 Bb5 26. Rfe1 Qg4 27. Qe3 f4 28.
Qe6+ Kh7 29. Nc5 Bd7 30. Nxd7 Nxd7 31. Qxg4 hxg4 32. Re7 Nf6 33. Bxa7 Rfe8 34.
Rxe8 Rxe8 35. d6 Rd8 36. Bb6 Rd7 37. a4 Bf8 38. a5 Bxd6 39. Rd4 Be5 40. Rxd7+
Nxd7 41. Bd8 Bd4+ 42. Kf1 Bc5 43. Ke2 Kg7 44. Bg5 Bd6 45. a6 Bb8 46. b4 Kf7 47.
Kd3 Ke6 48. Ke4 Nf6+ 49. Kd4 Ba7+ 50. Kd3 f3 51. gxf3 gxf3 52. b5 f2 53. Ke2 Ne4
54. Bh4 g5 0-1

[Event "24th Abu Dhabi Masters"]
[Site "Abu Dhabi UAE"]
[Date "2017.08.15"]
[Round "2.55"]
[White "Shailesh, Dravid"]
[Black "Armstrong, Malcolm J"]
[Result "1-0"]
[WhiteElo "2254"]
[BlackElo "2109"]
[WhiteFideId "25017969"]
[BlackFideId "409049"]
[EventDate "2017.08.14"]

1. c4 c6 2. Nf3 d5 3. e3 Nf6 4. Nc3 g6 5. Be2 Bg7 6. O-O O-O 7. b3 Nbd7 8. Bb2
b6 9. d3 Bb7 10. Rc1 Rc8 11. Qc2 c5 12. cxd5 Nxd5 13. a3 Nxc3 14. Bxc3 e5 15.
Rfd1 Qe7 16. Qb2 Rfe8 17. Nd2 Qg5 18. Ne4 Qe7 19. Re1 f5 20. Nd2 Qg5 21. Bf1 Qe7
22. b4 Kh8 23. Nc4 Bd5 24. e4 Bxc4 25. dxc4 f4 26. Rcd1 Nb8 27. bxc5 bxc5 28.
Rd5 Nc6 29. Qb5 Nd4 30. Bxd4 exd4 31. Rd7 Qh4 32. Rxa7 d3 33. g3 fxg3 34. hxg3
d2 35. Rd1 Qh6 36. Bd3 Red8 37. Be2 Bd4 38. Kg2 Rf8 39. f4 Be3 40. Rh1 1-0

[Event "24th Abu Dhabi Masters"]
[Site "Abu Dhabi UAE"]
[Date "2017.08.15"]
[Round "2.56"]
[White "Priyanka, K"]
[Black "Gurpreet, Singh Maras"]
[Result "0-1"]
[WhiteElo "2106"]
[BlackElo "2247"]
[WhiteFideId "5082986"]
[BlackFideId "5014433"]
[EventDate "2017.08.14"]

1. e4 d5 2. exd5 Nf6 3. d4 Bg4 4. Be2 Bxe2 5. Qxe2 Qxd5 6. Nf3 e6 7. O-O Nc6 8.
Rd1 O-O-O 9. c4 Qh5 10. Nc3 Rg8 11. Be3 g5 12. Ne1 g4 13. a3 Qf5 14. b4 h5 15.
Qd3 Ne7 16. Ne2 h4 17. Qxf5 Nxf5 18. Bc1 Ne4 19. Bb2 Bh6 20. Nc2 g3 21. hxg3
hxg3 22. Nxg3 Nexg3 23. fxg3 Rxg3 24. Re1 Be3+ 25. Nxe3 Nxe3 26. Kf2 Rxg2+ 27.
Kxe3 Rxb2 28. Rf1 Rb3+ 29. Ke2 f5 30. Rfd1 Rh8 31. Kf2 Kd7 32. d5 e5 33. c5 e4
34. d6 f4 35. dxc7+ Kxc7 36. Rg1 Rh2+ 37. Ke1 f3 38. Rg7+ Kc6 39. Rd1 Rh1+ 40.
Kd2 Rd3+ 0-1

[Event "24th Abu Dhabi Masters"]
[Site "Abu Dhabi UAE"]
[Date "2017.08.15"]
[Round "2.57"]
[White "Hari, Madhavan N B"]
[Black "Saim, Mohamed Ilias"]
[Result "1-0"]
[BlackTitle "FM"]
[WhiteElo "2246"]
[BlackElo "2102"]
[WhiteFideId "25054309"]
[BlackFideId "7900465"]
[EventDate "2017.08.14"]

1. d4 Nf6 2. Nf3 g6 3. c4 Bg7 4. g3 O-O 5. Bg2 d6 6. O-O Nbd7 7. Nc3 e5 8. Re1
Re8 9. e4 exd4 10. Nxd4 Nc5 11. f3 c6 12. Be3 Qe7 13. Qd2 a5 14. Rad1 Nfd7 15.
b3 Ne5 16. Qc2 h5 17. h3 Qf8 18. f4 Ned7 19. Bf2 Nf6 20. a3 Bh8 21. b4 axb4 22.
axb4 Ne6 23. Nf3 Ra3 24. Nb1 Ra8 25. Nbd2 Ra3 26. c5 dxc5 27. bxc5 Nd7 28. Nb3
Qe7 29. e5 Ng7 30. Nfd2 Nf5 31. Nc4 Ra8 32. Nd6 Nf8 33. Nxe8 Qxe8 34. Nd2 Be6
35. Nc4 Qe7 36. Ra1 Rxa1 37. Rxa1 h4 38. g4 Ng3 39. Nd6 g5 40. f5 Bd5 41. Re1
Bxe5 42. Qb2 Nd7 43. Qxb7 f6 44. Bxd5+ cxd5 45. Qxd5+ Kg7 46. Qe6 Kf8 47. Qxe7+
Kxe7 48. Nc4 Kd8 49. c6 Nb8 50. Bb6+ Kc8 51. Nd6+ 1-0

[Event "24th Abu Dhabi Masters"]
[Site "Abu Dhabi UAE"]
[Date "2017.08.15"]
[Round "2.58"]
[White "Michelle Catherina, P"]
[Black "Patil, Pratik"]
[Result "0-1"]
[WhiteTitle "WIM"]
[WhiteElo "2101"]
[BlackElo "2246"]
[WhiteFideId "5005736"]
[BlackFideId "5038758"]
[EventDate "2017.08.14"]

1. c4 Nf6 2. Nc3 d5 3. cxd5 Nxd5 4. g3 g6 5. Bg2 Nb6 6. d3 Bg7 7. Be3 O-O 8. h4
h5 9. Qd2 Nc6 10. Nf3 Bg4 11. O-O Qd7 12. Ne4 Nd5 13. Bh6 Bxf3 14. Bxg7 Kxg7 15.
Bxf3 Nd4 16. Bg2 Rad8 17. e3 Ne6 18. d4 c6 19. Rfd1 f5 20. Nc3 Nf6 21. b4 g5 22.
hxg5 Nxg5 23. d5 cxd5 24. Qd4 Ne4 25. Rac1 Nxc3 26. Rxc3 Qd6 27. Qxa7 h4 28.
gxh4 Rh8 29. Qxb7 Rxh4 30. Qc7 Rxb4 31. Qxd6 Rxd6 32. Rc7 Kf7 33. Rc2 e6 34. Kf1
Ra6 35. Ke2 Rba4 36. Rdd2 Ng4 37. Kd1 Ra7 38. Bf3 Ne5 39. Be2 Kf6 40. Bb5 Ra3
41. Kc1 Nf3 42. Re2 d4 43. exd4 Nxd4 44. Bc4 Nxe2+ 45. Rxe2 Rc3+ 46. Rc2 Rxc2+
47. Kxc2 e5 48. Kd2 Ke7 49. f3 Kd6 50. Ke3 Ra3+ 51. Bb3 Kc5 52. Kd3 Kb4 53. Kc2
Ra6 54. Kd3 Rc6 55. Kd2 Rc3 56. Bd5 Ra3 57. Ke2 Ra6 58. Bb3 Kc3 59. Ke3 Rd6 60.
Bg8 Rd3+ 61. Ke2 Kd4 62. Be6 f4 63. a4 Ra3 64. Bd7 Ra2+ 65. Kf1 e4 66. fxe4 Kxe4
67. Bb5 Ke3 68. Kg1 f3 69. Kh1 Kf4 70. Kg1 Kg3 71. Bf1 Ra1 0-1

[Event "24th Abu Dhabi Masters"]
[Site "Abu Dhabi UAE"]
[Date "2017.08.15"]
[Round "2.59"]
[White "Chifor, Ovidiu-Emanuel"]
[Black "Chitlange, Sakshi"]
[Result "1/2-1/2"]
[BlackTitle "WIM"]
[WhiteElo "2245"]
[BlackElo "2073"]
[WhiteFideId "1215400"]
[BlackFideId "35002899"]
[EventDate "2017.08.14"]

1. Nf3 Nf6 2. g3 d5 3. Bg2 c6 4. O-O Bf5 5. d3 h6 6. Nbd2 e6 7. b3 Be7 8. Bb2
O-O 9. Ne5 Nbd7 10. e4 Bh7 11. Qe2 Nxe5 12. Bxe5 Re8 13. Rae1 Qa5 14. exd5 cxd5
15. a4 Rac8 16. c4 Nd7 17. d4 Nxe5 18. dxe5 Bb4 19. Rd1 Bc2 20. Rc1 Bg6 21. Rfd1
Rc7 22. Nf1 Qa6 23. Ne3 Bc5 24. Bf1 d4 25. Ng2 Qb6 26. Nf4 Bf5 27. Qa2 Bb4 28.
Bd3 Bg4 29. Be2 Bf5 30. Bd3 Bg4 31. Be2 Bf5 32. Bf3 Rd8 33. Nd3 Bc3 34. Bg2 a5
35. Rb1 Bg4 36. f3 Bf5 37. Qe2 Kh8 38. f4 Bxd3 39. Qxd3 Qc5 40. Rf1 b6 41. Bf3
Qe7 42. Bd1 g6 43. Rc1 Kg7 44. Rc2 h5 45. Rg2 Rcc8 46. Bc2 Rh8 47. Rf3 Qa3 48.
Rf1 Qc5 49. h3 Rh6 50. Kh2 Rch8 51. Qe4 Rd8 52. Rf3 Rc8 53. Rd3 Rhh8 54. Rg1 Qa3
55. Qb7 Qc5 56. Qe4 Qc6 57. Qxc6 Rxc6 58. Kg2 Rc7 59. Kf3 Kf8 60. Ke4 Ke7 61.
Rf3 Rd7 62. Bd3 Kd8 63. Rff1 Kc7 64. Rh1 Kc6 65. g4 Kc5 66. f5 hxg4 67. hxg4
Rxh1 68. Rxh1 gxf5+ 69. gxf5 Kb4 70. Rh6 Re7 71. Bc2 exf5+ 72. Kxf5 Rxe5+ 73.
Kf4 Re6 74. Rxe6 fxe6 75. Ke4 Ka3 76. Kd3 Kb2 77. Bd1 e5 78. Bf3 Kxb3 79. Bc6
Kb4 80. Bd7 Be1 81. Bc6 Bg3 82. Bd7 Bf2 83. Bc6 Kb3 84. Bd7 Bg1 85. Bc6 e4+ 86.
Kxe4 Kc2 87. Kf3 d3 88. Be4 Kd2 89. Bf5 Bc5 90. Bg6 Kc3 91. Bf5 Kb3 92. Bxd3
Kxa4 93. Ke2 Kb3 94. Kd2 Ba3 95. Be2 Bb2 96. Kd3 Bf6 97. Bd1+ Kb4 98. Be2 a4 99.
Kc2 a3 100. Kb1 Kb3 101. Bd1+ Kxc4 102. Ka2 b5 103. Bb3+ Kb4 104. Be6 Bb2 105.
Bd7 Kc4 106. Be8 b4 107. Bf7+ Kc3 108. Bg8 Bc1 109. Bf7 1/2-1/2

[Event "24th Abu Dhabi Masters"]
[Site "Abu Dhabi UAE"]
[Date "2017.08.15"]
[Round "2.60"]
[White "Alothman, Abdul Wahab"]
[Black "Stegariu, Vlad-Ionut"]
[Result "0-1"]
[WhiteTitle "CM"]
[WhiteElo "2047"]
[BlackElo "2244"]
[WhiteFideId "10300015"]
[BlackFideId "1217860"]
[EventDate "2017.08.14"]

1. d4 Nf6 2. Nf3 g6 3. Bf4 Bg7 4. e3 d6 5. h3 O-O 6. Be2 b6 7. O-O Bb7 8. c4
Nbd7 9. Nc3 Ne4 10. Nxe4 Bxe4 11. Nd2 Bb7 12. Bf3 Bxf3 13. Nxf3 c5 14. Qc2 Qc7
15. Rad1 Rfc8 16. b3 Qb7 17. Qd3 cxd4 18. exd4 d5 19. Rfe1 e6 20. Rc1 Bf8 21.
Ng5 dxc4 22. bxc4 Rd8 23. Qg3 Bg7 24. Nf3 Rac8 25. Bg5 Re8 26. Qh4 Qa6 27. d5
exd5 28. cxd5 Rxc1 29. Rxc1 Qxa2 30. Rc7 Qxd5 31. Qa4 b5 32. Qxa7 Ne5 33. Nd4
Nc4 34. Nf3 Ne5 35. Nd4 Ng4 36. hxg4 Bxd4 37. Rd7 Qxg5 0-1

[Event "24th Abu Dhabi Masters"]
[Site "Abu Dhabi UAE"]
[Date "2017.08.16"]
[Round "3.1"]
[White "Idani, Pouya"]
[Black "Sethuraman, S.P."]
[Result "1/2-1/2"]
[WhiteTitle "GM"]
[BlackTitle "GM"]
[WhiteElo "2569"]
[BlackElo "2618"]
[WhiteFideId "12510130"]
[BlackFideId "5021596"]
[EventDate "2017.08.14"]

1. e4 Nf6 2. e5 Nd5 3. d4 d6 4. Nf3 g6 5. Bc4 Nb6 6. Bb3 Bg7 7. Qe2 Nc6 8. O-O
dxe5 9. dxe5 Nd4 10. Nxd4 Qxd4 11. Re1 Bg4 12. Qf1 Qd7 13. Nc3 O-O 14. Bf4 Rad8
15. a4 Be6 16. a5 Nd5 17. Nxd5 Bxd5 18. Bxd5 Qxd5 19. Ra4 Rd7 20. h3 c6 21. Qe2
Qb5 22. Qxb5 cxb5 23. Rae4 Rd5 24. c3 Rc8 25. Be3 a6 26. Rd4 Rxd4 1/2-1/2

[Event "24th Abu Dhabi Masters"]
[Site "Abu Dhabi UAE"]
[Date "2017.08.16"]
[Round "3.2"]
[White "Wagner, Dennis"]
[Black "Andersen, Mads"]
[Result "1/2-1/2"]
[WhiteTitle "GM"]
[BlackTitle "GM"]
[WhiteElo "2563"]
[BlackElo "2586"]
[WhiteFideId "24650684"]
[BlackFideId "1413864"]
[EventDate "2017.08.14"]

1. c4 e6 2. g3 d5 3. Bg2 Nf6 4. Nf3 dxc4 5. Qa4+ Bd7 6. Qxc4 c5 7. O-O Bc6 8.
Qc2 Nbd7 9. a4 Be7 10. Nc3 O-O 11. d3 Nd5 12. Nxd5 Bxd5 13. e4 Bc6 14. Rd1 e5
15. b3 Bd6 16. Nd2 Re8 17. Nc4 Nf8 18. Bb2 Qc7 19. f4 exf4 20. Nxd6 Qxd6 21.
gxf4 Ne6 22. Be5 Qe7 23. Qf2 Rad8 24. Bc3 Qd6 25. Be5 Qe7 26. Bc3 Qd6 27. Be5 1/2-1/2

[Event "24th Abu Dhabi Masters"]
[Site "Abu Dhabi UAE"]
[Date "2017.08.16"]
[Round "3.3"]
[White "Bernadskiy, Vitaliy"]
[Black "Indjic, Aleksandar"]
[Result "1/2-1/2"]
[WhiteTitle "GM"]
[BlackTitle "GM"]
[WhiteElo "2562"]
[BlackElo "2581"]
[WhiteFideId "14100371"]
[BlackFideId "911925"]
[EventDate "2017.08.14"]

1. e4 c5 2. Nf3 d6 3. d4 cxd4 4. Nxd4 Nf6 5. Nc3 a6 6. Bg5 e6 7. f4 h6 8. Bh4
Qb6 9. a3 Nc6 10. Bf2 Qc7 11. Qf3 Be7 12. O-O-O Bd7 13. Be2 g5 14. Nxc6 Bxc6 15.
f5 e5 16. Bc4 Rc8 17. Bb3 b5 18. h4 g4 19. Qd3 Qb7 20. Rhe1 g3 21. Qxg3 Rg8 22.
Qf3 b4 23. axb4 Qxb4 24. g3 Rb8 25. Qd3 a5 26. Qa6 Kd7 27. Na2 Qb7 28. Qxb7+
Rxb7 29. Bxf7 Rgb8 30. Nc3 Rxb2 31. Ba7 R8b7 32. Bc5 Nxe4 33. Nxe4 Rb1+ 34. Kd2
Rxd1+ 35. Kxd1 Rb1+ 36. Kd2 Rxe1 37. Be6+ Ke8 38. Nxd6+ Bxd6 39. Bxd6 Re4 40. c3
Bd7 41. Bd5 Bxf5 1/2-1/2

[Event "24th Abu Dhabi Masters"]
[Site "Abu Dhabi UAE"]
[Date "2017.08.16"]
[Round "3.4"]
[White "Paichadze, Luka"]
[Black "Batchuluun, Tsegmed"]
[Result "1/2-1/2"]
[WhiteTitle "GM"]
[BlackTitle "GM"]
[WhiteElo "2581"]
[BlackElo "2555"]
[WhiteFideId "13602934"]
[BlackFideId "4900847"]
[EventDate "2017.08.14"]

1. e4 e5 2. Nc3 Nf6 3. g3 Bc5 4. Bg2 Nc6 5. d3 a5 6. Be3 Bxe3 7. fxe3 d6 8. Nf3
O-O 9. O-O Ne7 10. Nh4 Bg4 11. Qe1 Qd7 12. Rf2 Be6 13. d4 c6 14. Rd1 Qc7 15. Nf5
Bxf5 16. exf5 d5 17. h3 Rae8 18. g4 exd4 19. Rxd4 h6 20. Qd2 Nc8 21. e4 dxe4 22.
Nxe4 Nxe4 23. Bxe4 f6 24. Bg2 Re7 25. Re2 Rfe8 26. Rxe7 Rxe7 27. Re4 Rxe4 28.
Bxe4 Nd6 29. Bg2 Qb6+ 30. Kh1 Qc5 31. b3 Qe5 32. c4 h5 33. Bf3 Qg3 34. Qg2 Qe1+
35. Qg1 Qd2 36. Qg2 Qc1+ 37. Kh2 hxg4 38. hxg4 Nf7 39. Qe2 Ne5 40. Kg2 Qf4 41.
Qe4 Qxe4 42. Bxe4 Nxg4 43. c5 Ne5 44. a3 Kf7 45. Kf2 g6 46. fxg6+ Nxg6 47. b4
axb4 48. axb4 Ne7 49. b5 Ke6 50. bxc6 bxc6 51. Ke3 Ke5 52. Kd3 f5 53. Bh1 Nd5
54. Kc4 f4 55. Bf3 Ne7 56. Kc3 Ke6 57. Kd4 Kf5 58. Kd3 Ng6 59. Be4+ Kf6 60. Kc3
Ne5 61. Kd4 Ke6 62. Bxc6 Nxc6+ 63. Ke4 f3 64. Kxf3 Kd5 65. Ke3 Kxc5 1/2-1/2

[Event "24th Abu Dhabi Masters"]
[Site "Abu Dhabi UAE"]
[Date "2017.08.16"]
[Round "3.5"]
[White "Ghaem Maghami, Ehsan"]
[Black "Rozum, Ivan"]
[Result "1/2-1/2"]
[WhiteTitle "GM"]
[BlackTitle "GM"]
[WhiteElo "2540"]
[BlackElo "2579"]
[WhiteFideId "12500739"]
[BlackFideId "24104272"]
[EventDate "2017.08.14"]

1. e4 c6 2. d4 d5 3. exd5 cxd5 4. c4 Nf6 5. Nc3 Nc6 6. Bg5 Be6 7. a3 g6 8. Bxf6
exf6 9. cxd5 Bxd5 10. Qe2+ Ne7 11. Nxd5 Qxd5 12. Qb5+ Qd7 13. Qxd7+ Kxd7 14. Bc4
Nf5 15. Nf3 Nd6 16. Bd5 Bh6 17. Ke2 Rhd8 18. Rhe1 1/2-1/2